Statistics for Every Player To Gain A Yard In Superbowl 55

Click here to take the quiz!

General Stats

  • This quiz has been taken 26 times
  • The average score is 14 of 18

Answer Stats

TeamPositionPlayerYards% Correct
ChiefsQBPatrick Mahomes303
100%
BuccaneersTERob Gronkowski67
100%
BuccaneersQBTom Brady184
100%
ChiefsTETravis Kelce133
100%
ChiefsWRTyreek Hill73
96%
BuccaneersRBLeonard Fournette104
92%
BuccaneersWRMike Evans31
92%
BuccaneersWRChris Godwin9
83%
ChiefsRBClyde Edwards-Helaire87
79%
BuccaneersRBRonald Jones61
75%
BuccaneersWRAntonio Brown22
71%
ChiefsWRMecole Hardman4
67%
ChiefsWRSammy Watkins13
63%
BuccaneersWRScott Miller-3
58%
ChiefsWRBryon Pringle3
54%
BuccaneersTECameron Brate26
54%
ChiefsRBDarrel Williams15
42%
ChiefsWRDemarcus Robinson11
42%

Score Distribution

Percentile by Number Answered

Percent of People with Each Score

Your Score History

You have not taken this quiz